000 00322nam a2200121 a 4500
001 4140
005 20140414131854.0
008 090218s19uu xx 00 eng d
050 _aM 823
_bD83 2005
100 _aDriggs, Scout
245 _aThe Chronicles of Narnia :
_bthe lion, the witch and the wardrobe.
999 _c110350
_d110350